Nono Bandera (Record no. 13321)

MARC details
000 - LÍDER
campo de control de longitud fija 01111nam a2200241Ia 4500
008 - ELEMENTOS DE DATOS DE LONGITUD FIJA - INFORMACIÓN GENERAL
campo de control de longitud fija 0000002002 sp ad 0000000000spa00
020 ## - INTERNATIONAL STANDARD BOOK NUMBER
International Standard Book Number 8477854637
090 ## - NÚMERO DE LLAMADA DE TIPO LC LOCALMENTE ASIGNADO (OCLC)
Número de clasificación (OCLC) (R) PSP00 N65n
245 10 - TÍTULO DECLARACIÓN
Título Nono Bandera
Resto del título : up is down as down is up
260 ## - PUBLICACIÓN, DISTRIBUCIÓN
Lugar de publicación Malaga : Centro Cultural Provincial
Fecha de publicación 2002
300 ## - DESCRIPCIÓN FÍSICA
Alcance [34] p.
Dimensiones / 20 cm.
500 ## - NOTA GENERAL
Nota general Exposición realizada en Salas del Centro Cultural Provincial, Málaga, noviembre 30, 2001 enero 11, 2002 \ Incluye cronologa del artista
505 ## - NOTA DE CONTENIDO FORMATEADA
Nota sobre el contenido formateado OBRAS : Santa Roque Boca negra Bodegón Ripped jockey Chicle de artista Mara Magdalena Venecia Trinidad Las siete diferencias Mariposas Corazones Nieve Decapitado Unreality El código de desapego Party El llorón El pulpo Sospecha
600 00 - ENTRADA DE SUJETO AÑADIDO - NOMBRE PERSONAL
Nombre de la persona BANDERA, NONO, 1958/
Subdivisión general TRABAJOS PICTORICOS
650 14 - ENTRADA DE SUJETO AÑADIDO - TÉRMINO TÓPICO
Término tópico o elemento de entrada del nombre geográfico ARTE CONTEMPORANEO ESPAÑOL
650 14 - ENTRADA DE SUJETO AÑADIDO - TÉRMINO TÓPICO
Término tópico o elemento de entrada del nombre geográfico ARTISTAS PLASTICOS ESPAÑOLES EXPOSIONES
650 14 - ENTRADA DE SUJETO AÑADIDO - TÉRMINO TÓPICO
Subdivisión general CATALOGOS
650 14 - ENTRADA DE SUJETO AÑADIDO - TÉRMINO TÓPICO
Subdivisión general EXPOSICIONES
650 14 - ENTRADA DE SUJETO AÑADIDO - TÉRMINO TÓPICO
Término tópico o elemento de entrada del nombre geográfico PINTORES ESPAÑOLES
650 14 - ENTRADA DE SUJETO AÑADIDO - TÉRMINO TÓPICO
Término tópico o elemento de entrada del nombre geográfico PINTURA AL OLEO
650 14 - ENTRADA DE SUJETO AÑADIDO - TÉRMINO TÓPICO
Término tópico o elemento de entrada del nombre geográfico PINTURA DE PAISAJES
650 14 - ENTRADA DE SUJETO AÑADIDO - TÉRMINO TÓPICO
Término tópico o elemento de entrada del nombre geográfico PINTURA ESPAÑOLA
Holdings
Estado de retirada Pérdida de estatus Estado dañado No para préstamo Código de recogida Ubicación permanente Ubicación actual Ubicación de las estanterías Fecha de adquisición Número de llamada completo Código de barras Fecha de la última vez que se vio Número de copia Precio efectivo desde Tipo de artículo Koha
        General ArtNexus ArtNexus General 06/09/2022 P-SP-0065N 13488 06/09/2022 Ej.1 06/09/2022 Libro

Powered by Koha